000 00644nam a2200229Ia 4500
003 OSt
005 20220926044254.0
006 a|||||r|||| 00| 0
007 ta
008 220923b |||||||| |||| 00| 0 eng d
037 _cGeneral Book
040 _aRTL
_cRTL
_beng
041 _2eng
_aeng
082 _aX9Ju23682:N3, G3
100 _aMul Raj
_9348739
245 0 _aEconomic survey of the Haripur and Mangarh Taluqas
260 _c1933
490 _aBoard of Economic Inquiry, Punjb, Publication
650 _aAgricultural Industry
942 _hX9Ju23682:N3, G3
_cGB
_2CC
999 _c674390
_d674390